European Competitions Top 5 Scorers: 2001/02 - Statistics

General Stats
  • This quiz has been taken 5 times
  • The average score is 8 of 19
Answer Stats
Competition Goals Club Nationality Player % Correct
Champions League 6 Barcelona Netherlands Patrick Kluivert
100%
Champions League 10 Manchester United Netherlands Ruud van Nistelrooy
100%
Champions League 7 Arsenal France Thierry Henry
100%
Champions League 8 Juventus France David Trezeguet
80%
Champions League 7 Manchester United Norway Ole Gunnar Solskjaer
80%
Champions League 6 Real Madrid Spain Raul
80%
Champions League 6 Bayern Munich Brazil Giovane Elber
60%
UEFA Cup 5 Borussia Dortmund Brazil Marcio Amoroso
40%
UEFA Cup 6 Sporting Brazil Mario Jardel
40%
UEFA Cup 5 Bordeaux Portugal Pauleta
40%
Champions League 6 Coruna Spain Diego Tristan
20%
Champions League 6 Bayer Leverkusen Germany Michael Ballack
20%
UEFA Cup 5 Slovan Liberec Czechia Jan Nezmar
0%
Champions League 6 Panathinaikos Cyprus Michalis Konstantinou
0%
UEFA Cup 5 Hapoel Tel Aviv Slovenia Milan Osterc
0%
UEFA Cup 6 Inter Sierra Leone Mohamed Kallon
0%
UEFA Cup 8 Feyenoord Netherlands Pierre van Hooijdonk
0%
UEFA Cup 6 Grasshopper Uruguay Richard Nunez
0%
UEFA Cup 5 PAOK Cyprus Yaisoumis Yiasoumi
0%
No matching quizzes found
Score Distribution
Percent of People with Each Score
Percentile by Number Answered
Your Score History
You have not taken this quiz